| 000 | 00395nam a22001337a 4500 | ||
|---|---|---|---|
| 008 | 230605b xxu||||| |||| 00| 0 eng d | ||
| 020 | _a1421290901 | ||
| 082 |
_a328.4205 _bMAY |
||
| 100 | _cThomas E may | ||
| 245 |
_aA treatise on the Law, Privileges proceedings and usage of parliament _bpart 1 _cElibron classics |
||
| 260 |
_bAdamant Media Corporation _c1883 |
||
| 300 | _a950p | ||
| 942 |
_2ddc _cBK |
||
| 999 |
_c373 _d373 |
||